00400 a2200121 450000100060000004000240000624000310003024500290006165000670009094200070015795200970016499900170026168499 cAnchieta - Itaigara10aComo as coisas funcionaml10aComo as coisas funcionam 4aEnciclopédias gerais (almanaques,anuários enciclopédicos cMU 00104070a88.1b88.1d2023-11-21l0o030 COMp27/ITAr2023-11-21 20:02:45w2023-11-21yMU c68499d68499